000
00300pab a2200121 454500
008
180718b xxu||||| |||| 00| 0 eng d
100
_a
Jaising, Indira
245
_a
Are special courts necessary?
650
_a
Special Courts
650
_a
Justice Administration of
773
_a
Hindus
909
_a
22672
999
_c
22672
_d
22672